ბათუმის შოთა რუსთაველის სახელმწიფო უნივერსიტეტის ბიბლიოთეკა

სისხლის სამართლის კერძო ნაწილი: (ბიბ.ჩანაწერი № 40579)

000 -ლიდერი
ფიქსირებული სიგრძის საკონტროლო ველი 01858nam a2200277Ia 4500
001 - საკონტროლო ნომერი
საკონტროლო ველი 7204
003 - საკონტროლო ნომრის იდენტიფიკატორი
საკონტროლო ველი GE_BSU
005 - ბოლო ოპერაციის თარიღი და დრო
საკონტროლო ველი 20200319191634.0
008 - ფიქსირებული სიგრძის მონაცემთა ელემენტები - ზოგადი ინფორმაცია
ფიქსირებული სიგრძის საკონტროლო ველი 181216s2011||||ge |||||||||||||| ||geo||
020 ## - წიგნის საერთაშორისო სტანდარტული ნომერი
International Standard Book Number 978994110495.
040 ## - კატალოგიზაციის წყარო
Transcribing agency GE_BSU
041 ## - ენის კოდი
Language code of text/sound track or separate title geo
080 ## - უნივერსალური ათობითი კლასიფიკაციის ინდექსი
Universal Decimal Classification number 343(479.22)(075.8) ს-54
245 ## - ცნობა სათაურის შესახებ
Title სისხლის სამართლის კერძო ნაწილი:
Remainder of title წ.2. : სახელმძღვანელო /
Statement of responsibility, etc ავტ.: მზია ლეკვეიშვილი ; გოჩა მამულაიშვილი ; ნინო გვეტაძე [და სხვ ] რედ. გ. მამულაიშვილი.
250 ## - გამოცემის ცნობა
Edition statement მეოთხე გამოც.(2ტ.გადამუშ.გამოც).
264 ## - წარმოების, გამოცემის, დისტრიბუციის და სხვა ცნობები
გამოცემის, წარმოების, დისტრიბუციის... ადგილი თბილისი.:
გამოცემის, წარმოების, დისტრიბუციის... სახელწოდება მერიდიანი,
გამოცემის, წარმოების, დისტრიბუციის... თარიღი 2011.
300 ## - ფიზიკური აღწერა
Extent 769 გვ.:
Dimensions 21 სმ.
653 ## - INDEX TERM--UNCONTROLLED
Uncontrolled term სისხლის სამართლის კერძო ნაწილი
653 ## - INDEX TERM--UNCONTROLLED
Uncontrolled term სამართალი
700 ## - ADDED ENTRY--PERSONAL NAME
Personal name ლეკვეიშვილი, მზია
9 (RLIN) 7761
700 ## - ADDED ENTRY--PERSONAL NAME
Personal name მამულაიშვილი, გოჩა
9 (RLIN) 7762
700 ## - ADDED ENTRY--PERSONAL NAME
Personal name გვეტაძე, ნინო
9 (RLIN) 7763
700 ## - ADDED ENTRY--PERSONAL NAME
Personal name .მამულაიშვილი, გ
Relator term რედაქტორი
9 (RLIN) 7764
710 ## - ADDED ENTRY--CORPORATE NAME
Corporate name or jurisdiction name as entry element იბეჭდება ივ.ჯავახიშვილის თბ. უნ-ტის იურიდ.ფაკ.სისხლის სამართლის მიმართულებების რეკომენდაციით.
9 (RLIN) 7765
942 ## - ADDED ENTRY ELEMENTS (KOHA)
Koha item type წიგნი
Source of classification or shelving scheme
ეგზემპლარები
ჩამოწერის სტატუსი დაკარგული ეგზემპლარის სტატუსი კლასიფიკაციის წყარო ან თაროზე გაწყობის სქემა დაზიანების სტატუსი არ გაიცემა მუდმივი მდებარეობა (დაცვის ადგილი) ამჟამინდელი ადგილსამყოფელი თაროზე განთავსების ადგილი შეძენის თარიღი ღირებულება, შესყიდვის ნორმალური ფასი სრული შენახვის შიფრი შტრიხკოდი ბოლო ოპერაციის თარიღი ეგზემპლარის მიმდევრობითი ნომერი (კეტერი?) ფასის ძალაში შესვლის თარიღი ეგზემპლარის სახეობა საჯარო შენიშვნა
          ბათუმის შოთა რუსთაველის სახელმწიფო უნივერსიტეტის მთავარი ბიბლიოთეკა ბათუმის შოთა რუსთაველის სახელმწიფო უნივერსიტეტის მთავარი ბიბლიოთეკა წიგნსაცავი 2018-12-17 14.00 343(479.22)(075.8) ს-54 22877 2018-12-17 22877 2018-12-17 წიგნი 14.00
          ბათუმის შოთა რუსთაველის სახელმწიფო უნივერსიტეტის მთავარი ბიბლიოთეკა ბათუმის შოთა რუსთაველის სახელმწიფო უნივერსიტეტის მთავარი ბიბლიოთეკა წიგნსაცავი 2018-12-17 14.00 343(479.22)(075.8) ს-54 22878 2018-12-17 22878 2018-12-17 წიგნი 14.00
          ბათუმის შოთა რუსთაველის სახელმწიფო უნივერსიტეტის მთავარი ბიბლიოთეკა ბათუმის შოთა რუსთაველის სახელმწიფო უნივერსიტეტის მთავარი ბიბლიოთეკა წიგნსაცავი 2018-12-17 14.00 343(479.22)(075.8) ს-54 22879 2018-12-17 22879 2018-12-17 წიგნი 14.00
          ბათუმის შოთა რუსთაველის სახელმწიფო უნივერსიტეტის მთავარი ბიბლიოთეკა ბათუმის შოთა რუსთაველის სახელმწიფო უნივერსიტეტის მთავარი ბიბლიოთეკა წიგნსაცავი 2018-12-17 14.00 343(479.22)(075.8) ს-54 22880 2018-12-17 22880 2018-12-17 წიგნი 14.00
          ბათუმის შოთა რუსთაველის სახელმწიფო უნივერსიტეტის მთავარი ბიბლიოთეკა ბათუმის შოთა რუსთაველის სახელმწიფო უნივერსიტეტის მთავარი ბიბლიოთეკა წიგნსაცავი 2018-12-17 14.00 343(479.22)(075.8) ს-54 22881 2018-12-17 22881 2018-12-17 წიგნი 14.00
          ბათუმის შოთა რუსთაველის სახელმწიფო უნივერსიტეტის მთავარი ბიბლიოთეკა ბათუმის შოთა რუსთაველის სახელმწიფო უნივერსიტეტის მთავარი ბიბლიოთეკა წიგნსაცავი 2018-12-17 14.00 343(479.22)(075.8) ს-54 22882 2018-12-17 22882 2018-12-17 წიგნი 14.00
          ბათუმის შოთა რუსთაველის სახელმწიფო უნივერსიტეტის მთავარი ბიბლიოთეკა ბათუმის შოთა რუსთაველის სახელმწიფო უნივერსიტეტის მთავარი ბიბლიოთეკა წიგნსაცავი 2018-12-17 14.00 343(479.22)(075.8) ს-54 22883 2018-12-17 22883 2018-12-17 წიგნი 14.00
          ბათუმის შოთა რუსთაველის სახელმწიფო უნივერსიტეტის მთავარი ბიბლიოთეკა ბათუმის შოთა რუსთაველის სახელმწიფო უნივერსიტეტის მთავარი ბიბლიოთეკა წიგნსაცავი 2018-12-17 14.00 343(479.22)(075.8) ს-54 22884 2018-12-17 22884 2018-12-17 წიგნი 14.00
          ბათუმის შოთა რუსთაველის სახელმწიფო უნივერსიტეტის მთავარი ბიბლიოთეკა ბათუმის შოთა რუსთაველის სახელმწიფო უნივერსიტეტის მთავარი ბიბლიოთეკა წიგნსაცავი 2018-12-17 14.00 343(479.22)(075.8) ს-54 22885 2018-12-17 22885 2018-12-17 წიგნი 14.00
          ბათუმის შოთა რუსთაველის სახელმწიფო უნივერსიტეტის მთავარი ბიბლიოთეკა ბათუმის შოთა რუსთაველის სახელმწიფო უნივერსიტეტის მთავარი ბიბლიოთეკა წიგნსაცავი 2023-10-19 15.00 343(479.22)(075.8) ს-54 22886 2023-10-19 22886 2023-10-19 წიგნი 15.00 ₾.